<?xml version="1.0" encoding="UTF-8"?>
<record
    xmlns:xsi="http://www.w3.org/2001/XMLSchema-instance"
    xsi:schemaLocation="http://www.loc.gov/MARC21/slim http://www.loc.gov/standards/marcxml/schema/MARC21slim.xsd"
    xmlns="http://www.loc.gov/MARC21/slim">

  <leader>01449na  a2200337   4500</leader>
  <controlfield tag="001">22164</controlfield>
  <controlfield tag="003">MIRAKIL</controlfield>
  <controlfield tag="005">20181226092845.0</controlfield>
  <controlfield tag="008">170211b        tu  n0        0    0     </controlfield>
  <datafield tag="035" ind1=" " ind2=" ">
    <subfield code="a">20919</subfield>
  </datafield>
  <datafield tag="040" ind1=" " ind2=" ">
    <subfield code="a">Milas</subfield>
    <subfield code="b">tur</subfield>
    <subfield code="c">TR-AnCHP</subfield>
  </datafield>
  <datafield tag="041" ind1=" " ind2=" ">
    <subfield code="a">tur</subfield>
  </datafield>
  <datafield tag="090" ind1=" " ind2=" ">
    <subfield code="a">050 DER 103</subfield>
  </datafield>
  <datafield tag="222" ind1=" " ind2=" ">
    <subfield code="a">Milli &#xE7;&#xF6;z&#xFC;m</subfield>
  </datafield>
  <datafield tag="245" ind1=" " ind2=" ">
    <subfield code="a">Milli &#xE7;&#xF6;z&#xFC;m</subfield>
    <subfield code="b">ayl&#x131;k haber-yorum ve k&#xFC;lt&#xFC;r dergisi</subfield>
    <subfield code="c">[yay&#x131;nlayan] sahibi Ali &#xC7;a&#x11F;&#x131;l</subfield>
  </datafield>
  <datafield tag="246" ind1=" " ind2=" ">
    <subfield code="a">Milli &#xE7;&#xF6;z&#xFC;m dergisi</subfield>
  </datafield>
  <datafield tag="260" ind1=" " ind2=" ">
    <subfield code="a">Ankara</subfield>
    <subfield code="b">Milli &#xC7;&#xF6;z&#xFC;m Yay&#x131;nlar&#x131;</subfield>
    <subfield code="c">2004-</subfield>
  </datafield>
  <datafield tag="300" ind1=" " ind2=" ">
    <subfield code="a">c.</subfield>
    <subfield code="b">res.</subfield>
    <subfield code="c">27 sm.</subfield>
  </datafield>
  <datafield tag="310" ind1=" " ind2=" ">
    <subfield code="a">Ayl&#x131;k</subfield>
  </datafield>
  <datafield tag="362" ind1=" " ind2=" ">
    <subfield code="a">y&#x131;l 7, say&#x131; 82 (A&#x11F;ustos 2010)-</subfield>
  </datafield>
  <datafield tag="500" ind1=" " ind2=" ">
    <subfield code="a">Niteleme y&#x131;l 7, say&#x131; 82 (A&#x11F;ustos 2010)'e dayal&#x131;d&#x131;r.</subfield>
  </datafield>
  <datafield tag="500" ind1=" " ind2=" ">
    <subfield code="a">Ayl&#x131;k haber, yorum ve k&#xFC;lt&#xFC;r dergisidir.</subfield>
  </datafield>
  <datafield tag="500" ind1=" " ind2=" ">
    <subfield code="a">Mevcut say&#x131;lar: (c.7, s.78) 2010; (c.7, s.82) 2010; (c.7, s.85) 2010; (c.8, s90) 2011; (c.8, s.98)  2011; (c.9, s.104) 2012; (c.10 s134) 2014; (c.11 s.137) 2015; (c.10, s.138) 2015; (c.11, s.139) 2015; (c.11, s.140) 2015; (c.12, s.145) 2015; (c.13, s.147) 2015; (c.13, s.150) 2016; (c.13, s.151) 2016; (c.13, s.152) 2016; (c.13, s.154) 2016; (c.13, s.159) 2016;</subfield>
  </datafield>
  <datafield tag="530" ind1=" " ind2=" ">
    <subfield code="a">Online olarak eri&#x15F;ilebilir. (http://www.millicozum.com/mc/)</subfield>
  </datafield>
  <datafield tag="650" ind1=" " ind2=" ">
    <subfield code="a">K&#xFC;lt&#xFC;r</subfield>
    <subfield code="v">S&#xFC;reli yay&#x131;nlar</subfield>
    <subfield code="z">T&#xFC;rkiye</subfield>
  </datafield>
  <datafield tag="650" ind1=" " ind2=" ">
    <subfield code="a">Haber</subfield>
    <subfield code="v">S&#xFC;reli yay&#x131;nlar</subfield>
  </datafield>
  <datafield tag="655" ind1=" " ind2=" ">
    <subfield code="a">Dergi</subfield>
  </datafield>
  <datafield tag="910" ind1=" " ind2=" ">
    <subfield code="a">DERG&#x130; 103</subfield>
  </datafield>
  <datafield tag="942" ind1=" " ind2=" ">
    <subfield code="2">ddc</subfield>
    <subfield code="c">SER</subfield>
  </datafield>
  <datafield tag="952" ind1=" " ind2=" ">
    <subfield code="5">1</subfield>
    <subfield code="a">0001</subfield>
    <subfield code="b">0001</subfield>
    <subfield code="d">2017-02-11</subfield>
    <subfield code="f"> S&#xDC;REL&#x130; YAYINLAR</subfield>
    <subfield code="l">0</subfield>
    <subfield code="o">050 DER 71</subfield>
    <subfield code="p">D103</subfield>
    <subfield code="r">2017-02-11 00:00:00</subfield>
    <subfield code="v">0.00</subfield>
    <subfield code="w">2017-02-11</subfield>
    <subfield code="x"> </subfield>
    <subfield code="y">SER</subfield>
  </datafield>
  <datafield tag="999" ind1=" " ind2=" ">
    <subfield code="c">11457</subfield>
    <subfield code="d">11457</subfield>
  </datafield>
</record>
